[Event "Kstovo op"]
[Site "Kstovo"]
[Date "1994.??.??"]
[Round "5"]
[White "Korotylev, Alexey"]
[Black "Galliamova, Alisa"]
[Result "1/2-1/2"]
[WhiteElo "2430"]
[BlackElo "2475"]

1.d4 d5 2.c4 c6 3.e3 Nf6 4.Nc3 e6 5.Nf3 Nbd7 6.Qc2 b6 7.Be2 Bb7 8.O-O Be7
9.b3 O-O 10.Bb2 Rc8 11.e4 c5 12.exd5 exd5 13.Rad1 dxc4 14.bxc4 cxd4 15.Nxd4 g6
16.Ndb5 Rc5 17.Nd6 Bxd6 18.Rxd6 Qe7 19.Qd2 Re5 20.Rd1 Nc5 21.f3 Ne8 22.Rd8 f6
23.Bf1 Bc6 24.Nb5 Re6 25.Rd4 a6 26.Nc3 Ng7 27.Nd5 Qb7 28.Re1 Nf5 29.Rxe6 Nxe6
30.Re4 Bxd5 31.cxd5 Nc5 32.Re1 Qc7 33.Ba3 Qd6 34.Re6 Qd8 35.Rc6 Ne7 36.Bxc5 Nxc6
37.Bxf8 Kxf8 38.Qh6+ Kg8 39.Qd2 b5 40.d6 Ne5 41.a4 bxa4 42.Qa2+ Kg7 43.Qxa4 Qxd6
44.Qxa6 Qd4+ 45.Kh1 h5 46.Qe2 g5 47.Qe4 Qxe4 48.fxe4 Kf7 49.Be2 h4 50.Kg1 Ke6
51.Kf2 Ng6 52.g3 Ke5 53.Ke3 hxg3 54.hxg3 Ne7 55.Bb5 Nc8 56.Ba6 Nd6 57.Bd3 Nb7
58.Bc4 Nc5 59.Bd5 Ne6  1/2-1/2

[Event "Kstovo op"]
[Site "Kstovo"]
[Date "1994.??.??"]
[Round "5"]
[White "Romanov, Oleg"]
[Black "Paronjan, Aleksandar"]
[Result "1/2-1/2"]
[WhiteElo "2270"]
[BlackElo "2355"]

1.d4 d5 2.c4 c6 3.Nc3 Nf6 4.e3 e6 5.Nf3 Nbd7 6.Bd3 dxc4 7.Bxc4 b5 8.Bd3 a6
9.e4 c5 10.e5 cxd4 11.Nxb5 axb5 12.exf6 gxf6 13.O-O Qb6 14.Be4 Bb7 15.Bxb7 Qxb7
16.Nxd4  1/2-1/2

[Event "Kstovo op"]
[Site "Kstovo"]
[Date "1994.??.??"]
[Round "7"]
[White "Yasinsky, V."]
[Black "Labutin, Sergey"]
[Result "0-1"]
[WhiteElo "2360"]
[BlackElo "2325"]

1.c4 e6 2.Nc3 d5 3.d4 c6 4.e3 Nf6 5.Nf3 Nbd7 6.Bd3 dxc4 7.Bxc4 b5 8.Bd3 Bb7
9.e4 b4 10.Na4 c5 11.e5 Nd5 12.O-O cxd4 13.Nxd4 Nxe5 14.Bb5+ Nd7 15.Re1 Rc8
16.Qh5 g6 17.Qe5 Qf6 18.Nf3 h6 19.Be3 Bg7 20.Bxd7+ Kxd7 21.Nc5+ Rxc5 22.Bxc5 Qxe5
23.Nxe5+ Bxe5 24.Rxe5 a5 25.a3 b3 26.a4 Rc8 27.Rc1 Nf4 28.Rc3 Ba6 29.Rf3 g5
30.Be3 Bb7 31.Rb5 Bxf3 32.gxf3 Rc4 33.Rxa5 Rc2 34.Ra7+ Ke8 35.h4 Rxb2 36.Rb7 Ra2
37.Bxf4 b2 38.Kg2 gxf4 39.a5 Kf8 40.a6 Kg7 41.Kh3 Kg6 42.Kg4 Rxa6 43.Rxb2 Ra4
44.h5+ Kf6 45.Rc2 Ra5 46.Rc4 Rg5+ 47.Kh4 Kf5 48.Rc5+ e5 49.Kh3 Rxh5+ 50.Kg2 Rg5+
51.Kh3 Rg8 52.Ra5 f6 53.Ra6 Rb8 54.Rc6 h5 55.Kg2 h4 56.Rc7 Kg6 57.Rc1 Rb3
58.Rg1 Kh5 59.Rh1 Kg5 60.Rg1 f5 61.Rc1 h3+ 62.Kxh3 Rxf3+ 63.Kg2 e4 64.Ra1 Rb3
65.Ra8 Rb2  0-1

[Event "Las Palmas"]
[Site "Las Palmas"]
[Date "1994.??.??"]
[Round "3"]
[White "Karpov, Anatoly"]
[Black "Morovic Fernandez, Ivan"]
[Result "1/2-1/2"]
[WhiteElo "2740"]
[BlackElo "2605"]

1.d4 d5 2.c4 c6 3.Nf3 Nf6 4.Nc3 e6 5.e3 Nbd7 6.Bd3 dxc4 7.Bxc4 b5 8.Bd3 a6
9.e4 c5 10.d5 c4 11.Bc2 Qc7 12.O-O Bc5 13.Qe2 e5 14.Bd2 O-O 15.a3 Ne8 16.b4 Bd4
17.a4 Rb8 18.axb5 axb5 19.Ra5 Nd6 20.Rfa1 Bb6 21.R5a3 Bb7 22.Be3 Ra8 23.Bxb6 Qxb6
24.Qe1 Rxa3 25.Rxa3 Ra8 26.Rxa8+ Bxa8 27.Qa1 Bb7 28.Kf1 f6 29.Bd1 Nb8 30.Ne1 Na6
31.Nc2 Bc8 32.Qc1 Bd7 33.Bh5 g6 34.Bf3 Kg7 35.Qd1 Qd8 36.Qa1 Qb6 37.Qd1 Qd8
38.Qa1 Qb6  1/2-1/2

[Event "Las Palmas"]
[Site "Las Palmas"]
[Date "1994.??.??"]
[Round "6"]
[White "Karpov, Anatoly"]
[Black "Kamsky, Gata"]
[Result "1/2-1/2"]
[WhiteElo "2740"]
[BlackElo "2695"]

1.d4 d5 2.c4 c6 3.Nc3 Nf6 4.e3 e6 5.Nf3 Nbd7 6.Bd3 dxc4 7.Bxc4 b5 8.Bd3 a6
9.e4 c5 10.d5 c4 11.Bc2 e5 12.O-O Qc7 13.Ne2 Rb8 14.Ng3 h6 15.Bd2 g6 16.Rc1 Bd6
17.h3 Kf8 18.Bb1 a5 19.b3 Ba6 20.Qe1 a4 21.bxc4 bxc4 22.Ba5 Qa7 23.Bc3 Kg7
24.Qd2 Rhe8 25.Kh1 Nc5 26.Nh4 Kh7 27.Qe3 Qb6 28.Qf3 Qd8 29.Bc2 Kg8 30.Rb1 Rxb1
31.Rxb1 Nh7 32.Qg4 Bc8 33.Ngf5 Nf6 34.Nxh6+ Kh7 35.Qg5 Ncxe4 36.Bxe4 Nxe4
37.Qxd8 Rxd8 38.Nxf7 Nxc3 39.Rc1 Rd7 40.Nxd6 Rxd6 41.Rxc3 Ba6 42.Nf3 Rxd5
43.Ng5+ Kh6 44.Ne4 Rd3 45.f3 a3 46.Rc2 Bb5 47.Kh2 Rd4 48.Rc3 Rd3 49.h4 Rxc3
50.Nxc3 Bc6 51.Kg3 Kh5 52.Kh3 Kh6  1/2-1/2

[Event "Las Palmas"]
[Site "Las Palmas"]
[Date "1994.??.??"]
[Round "6"]
[White "Lautier, Joel"]
[Black "Illescas Cordoba, Miguel"]
[Result "0-1"]
[WhiteElo "2625"]
[BlackElo "2590"]

1.d4 d5 2.c4 c6 3.Nf3 Nf6 4.Nc3 e6 5.e3 Nbd7 6.Bd3 dxc4 7.Bxc4 b5 8.Bd3 a6
9.e4 c5 10.e5 cxd4 11.Nxb5 axb5 12.exf6 gxf6 13.O-O Qb6 14.Qe2 Ba6 15.a4 Nc5
16.axb5 Bb7 17.Rxa8+ Bxa8 18.Bc4 Nd7 19.Bf4 Bd6 20.Bg3 Bxg3 21.hxg3 Ke7 22.Rd1 Bxf3
23.Qxf3 Qc5 24.Bf1 Rd8 25.Qb7 f5 26.Qc6 Qb4 27.Ra1 Qxb2 28.Ra7 d3 29.Qc5+ Ke8
30.Qd6 d2 31.Be2 Qc1+ 32.Kh2 Qc5 33.Qxc5 Nxc5 34.Bd1 Rd6 35.f3 Nd3 36.Ra1 Nb2
37.Kg1 Nxd1 38.Rxd1 Kd7 39.Kf2 Kc7 40.Ke2 Kb6 41.Rxd2 Rxd2+ 42.Kxd2 Kxb5
43.Ke3 f6 44.Kf4 h5 45.Ke3 Kc4 46.Ke2 Kc3 47.Ke3 e5 48.Ke2 Kc2  0-1

[Event "Las Vegas op"]
[Site "Las Vegas"]
[Date "1994.??.??"]
[Round "?"]
[White "Feldman, Steven"]
[Black "Torres, Javier"]
[Result "1-0"]
[WhiteElo "2275"]
[BlackElo "2335"]

1.d4 d5 2.c4 c6 3.Nc3 Nf6 4.e3 e6 5.Nf3 Nbd7 6.Bd3 dxc4 7.Bxc4 b5 8.Bd3 a6
9.O-O Bb7 10.Qe2 Be7 11.Rd1 O-O 12.e4 b4 13.Na4 Qa5 14.b3 Qh5 15.h3 c5 16.Bb2 cxd4
17.Bxd4 Bc6 18.Rac1 Bb5 19.Bc4 Qg6 20.Re1 Nh5 21.Qe3 Rfc8 22.Nb2 h6 23.Nd3 Bxc4
24.bxc4 a5 25.c5 Bg5 26.Nxg5 hxg5 27.c6 Nf8 28.Rc5 f6 29.e5 g4 30.hxg4 Qxg4
31.exf6 gxf6 32.Bxf6 Ng6 33.Rg5 Qc4 34.Rxg6+ Kf7 35.Qh6  1-0

[Event "Las Vegas op"]
[Site "Las Vegas"]
[Date "1994.??.??"]
[Round "?"]
[White "Sandager, Stephen"]
[Black "Finegold, Benjamin"]
[Result "0-1"]
[WhiteElo "2325"]
[BlackElo "2475"]

1.d4 d5 2.Nf3 Nf6 3.c4 e6 4.Nc3 c6 5.e3 Nbd7 6.Bd3 dxc4 7.Bxc4 b5 8.Bd3 Bb7
9.O-O a6 10.e4 c5 11.d5 c4 12.dxe6 cxd3 13.exd7+ Qxd7 14.Bf4 Rd8 15.Re1 Bb4
16.Bg5 O-O 17.Bxf6 gxf6 18.Qd2 Rfe8 19.Qf4 Bf8 20.Rad1 b4 21.Nb1 Qa4 22.Nbd2 Qxa2
23.Nh4 Qxb2 24.Nf5 Bc8 25.Nc4 Qc3 26.Re3 Bxf5 27.Qxf5 Bg7 28.Rg3 Kh8 29.Qg4 f5
30.Qxf5 Qxc4 31.Rxg7 Kxg7 32.Qg5+ Kf8  0-1

[Event "Las Vegas op"]
[Site "Las Vegas"]
[Date "1994.??.??"]
[Round "?"]
[White "Saidy, Anthony Fred"]
[Black "Tan, Oscar"]
[Result "1-0"]
[WhiteElo "2415"]
[BlackElo "2240"]

1.d4 d5 2.c4 c6 3.e3 Nf6 4.Nc3 e6 5.Nf3 Nbd7 6.Qc2 Bd6 7.b3 O-O 8.Be2 dxc4
9.bxc4 e5 10.O-O Re8 11.Bb2 e4 12.Nd2 Nf8 13.Ncxe4 Nxe4 14.Nxe4 Bf5 15.Bd3 Bxe4
16.Bxe4 Bxh2+ 17.Kxh2 Qh4+ 18.Kg1 Rxe4 19.g3 Qg4 20.Kg2 Ng6 21.Rh1 Qe6 22.Bc1 Qe7
23.f3 Re6 24.Rh5 Rd8 25.Qc3 Re8 26.e4 Rxe4 27.fxe4 Qxe4+ 28.Qf3 Qc2+ 29.Kh3 Re2
30.Be3 Rh2+ 31.Kg4 Rxh5 32.Kxh5 Qh2+ 33.Kg4 h5+ 34.Kf5 Ne7+ 35.Ke5 Ng6+ 36.Kd6 Qb2
37.Rf1 f6 38.Qe4 Qa3+ 39.c5 Nf8 40.Qe8 Qxa2 41.Kc7 a5 42.Bf4  1-0

[Event "VfB op 1st"]
[Site "Leipzig"]
[Date "1994.??.??"]
[Round "?"]
[White "Naumann, Peter"]
[Black "Prause, Thomas"]
[Result "0-1"]
[WhiteElo "1650"]
[BlackElo "1995"]

1.d4 d5 2.c4 e6 3.Nc3 c6 4.e3 Nf6 5.Nf3 Nbd7 6.cxd5 exd5 7.Bd3 Bd6 8.Bd2 O-O
9.Qc2 Re8 10.Ng5 Nf8 11.f4 Bxf4 12.Nf3 Bxe3 13.O-O-O Bxd2+ 14.Rxd2 Bg4 15.h3 Bh5
16.g4 Bg6 17.Ne5 Bxd3 18.Rxd3 N6d7 19.Nf3 Re6 20.Ne2 Qc7 21.Ng5 Re7 22.Rf3 f6
23.Nf4 Qa5 24.Nxh7 Re1+ 25.Rxe1 Qxe1+ 26.Qd1 Qxd1+ 27.Kxd1 Nxh7 28.h4 Re8
29.Kd2 Kf7 30.g5 fxg5 31.Nxd5+ Ndf6 32.Nxf6 gxf6 33.hxg5 Nxg5 34.Rb3 Re7
35.Rd3 Ke6 36.Kc2 Kd6 37.Kc3 Kd5 38.a3 Rh7 39.Rd1 Ne4+ 40.Kc2 Rh2+ 41.Kc1 f5
42.Rf1 Ng3 43.Rf3 Ne2+  0-1

[Event "Lenk op"]
[Site "Lenk"]
[Date "1994.??.??"]
[Round "5"]
[White "Barbero, Gerardo F"]
[Black "Kaenel, Hansjuerg"]
[Result "1-0"]
[WhiteElo "2490"]
[BlackElo "2380"]

1.Nf3 Nf6 2.c4 e6 3.d4 d5 4.Nc3 c6 5.e3 Bd6 6.Qc2 Nbd7 7.Be2 O-O 8.O-O dxc4
9.Bxc4 e5 10.h3 Qe7 11.a3 b5 12.Be2 a6 13.b4 a5 14.Rb1 axb4 15.axb4 Bb7 16.dxe5 Nxe5
17.Nd4 Bxb4 18.Na2 Ba3 19.Bd2 Qc5 20.Qb3 Qd5 21.Qxd5 Nxd5 22.f4 Nd7 23.Bf3 N7b6
24.Rfd1 Rfe8 25.Kf2 Bc5 26.Nc1 Bxd4 27.exd4 Ra4 28.Nb3 Bc8 29.Re1 Rxe1 30.Rxe1 Kf8
31.Rc1 Nc4 32.Be1 Nxf4 33.Nc5 Nd3+ 34.Nxd3 Bf5 35.Nb4 Nb2 36.Rxc6 Rxb4 37.Bxb4+  1-0

[Event "Linares NL"]
[Site "Linares"]
[Date "1994.??.??"]
[Round "1"]
[White "Sagalchik, Gennadij"]
[Black "Vera, Reynaldo"]
[Result "1/2-1/2"]
[WhiteElo "2515"]
[BlackElo "2485"]

1.d4 d5 2.c4 c6 3.Nc3 Nf6 4.e3 e6 5.Nf3 Nbd7 6.Bd3 dxc4 7.Bxc4 b5 8.Bd3 a6
9.a4 b4 10.Ne4 Bb7 11.Ned2 c5 12.a5 Be7 13.O-O O-O 14.Nc4 Qb8 15.Re1 Be4
16.Bxe4 Nxe4 17.Nfe5 Nxe5 18.dxe5 Qb5 19.Qb3 f5 20.f3 Ng5 21.e4 f4 22.h4 Nf7
23.Bxf4 Bxh4 24.Red1 Rad8 25.Be3 Rxd1+ 26.Rxd1 Rd8 27.Rxd8+ Bxd8 28.f4 Bc7
29.f5 Qc6 30.Nd6 Bxd6 31.Qxe6 Qxe4 32.exd6 Qxe6 33.fxe6 Nxd6 34.Bxc5 Nc4
35.Bxb4 Nxb2 36.Kf1 Nd3 37.Bd6 Nc1 38.Be5 Nb3 39.Bc3 Nc5 40.e7 Kf7 41.Bb4 Ne6
42.Kf2 Nf4 43.Bc3 g6 44.Kf3 Nd5 45.Be1 Kxe7 46.Ke4 Kd6 47.Bg3+ Kc6 48.Be1 h5
49.Ke5 Ne3 50.g3 g5 51.Ke4 Nf1 52.Kf5 Nh2 53.Bf2 Nf3 54.Be3 h4 55.gxh4 gxh4
56.Kg4 Ne5+ 57.Kxh4 Nc4 58.Bg5 Nxa5 59.Kg4 Nc4 60.Kf3 a5 61.Ke2 Kb5  1/2-1/2

[Event "Linares NL"]
[Site "Linares"]
[Date "1994.??.??"]
[Round "5"]
[White "Browne, Walter S"]
[Black "Vera, Reynaldo"]
[Result "1-0"]
[WhiteElo "2535"]
[BlackElo "2485"]

1.d4 d5 2.c4 e6 3.Nc3 c6 4.Nf3 Nf6 5.e3 Nbd7 6.Qc2 Bd6 7.Bd3 O-O 8.O-O h6
9.Rd1 Qe7 10.e4 dxe4 11.Nxe4 Nxe4 12.Bxe4 Re8 13.Re1 Nf6 14.Bd3 c5 15.dxc5 Bxc5
16.Ne5 b6 17.Bd2 Bb7 18.Rad1 Red8 19.Bc3 a5 20.a3 Kf8 21.Bg6 Rxd1 22.Rxd1 Rd8
23.Rxd8+ Qxd8 24.Nxf7 Qa8 25.Bxf6 gxf6 26.Qc3 Ke7 27.Qg3 Qc8 28.Bh5 Qd7 29.Nxh6 Bd4
30.b4 Be5 31.Qg7+ Kd8 32.Nf7+ Kc7 33.h4 Be4 34.bxa5 bxa5 35.Qf8 Bd4 36.Bf3 Bxf3
37.gxf3 Kc6 38.Kg2 e5 39.h5 e4 40.Qa8+ Kc5 41.Qxa5+ Kxc4 42.Qb4+ Kd3 43.Qb3+ Kd2
44.fxe4 Qg4+ 45.Qg3 Qxe4+ 46.Qf3 Qh4 47.Nd6 Be5 48.Nf5 Qg5+ 49.Kh3 Kc2 50.Qg4 Qc1
51.Qc4+ Bc3 52.Nd4+ Kb1 53.Qd3+  1-0

[Event "Linares NL"]
[Site "Linares"]
[Date "1994.??.??"]
[Round "10"]
[White "Sagalchik, Gennadij"]
[Black "Illescas Cordoba, Miguel"]
[Result "1/2-1/2"]
[WhiteElo "2515"]
[BlackElo "2590"]

1.d4 d5 2.c4 c6 3.Nc3 Nf6 4.e3 e6 5.Nf3 Nbd7 6.Bd3 dxc4 7.Bxc4 b5 8.Bd3 Bb7
9.a3 b4 10.Ne4 Nxe4 11.Bxe4 Qc7 12.O-O bxa3 13.bxa3 Bd6 14.Bb2 O-O 15.Qe2  1/2-1/2

[Event "Lippstadt"]
[Site "Lippstadt"]
[Date "1994.??.??"]
[Round "1"]
[White "Farago, Ivan"]
[Black "Luther, Thomas"]
[Result "1/2-1/2"]
[WhiteElo "2515"]
[BlackElo "2515"]

1.d4 d5 2.c4 e6 3.Nc3 c6 4.e3 Nf6 5.Nf3 Nbd7 6.Qc2 Bd6 7.Be2 O-O 8.O-O e5
9.cxd5 cxd5 10.dxe5 Nxe5 11.Rd1 Nxf3+ 12.Bxf3 Qc7 13.g3 Be5 14.Qd3 Be6 15.Bd2 Qd7
16.Be1 Rad8 17.Qe2 Rfe8 18.Nb5 Bg4 19.Bxg4 Nxg4 20.Bc3 Bb8 21.Bd4 Qf5 22.Nc3 Qh5
23.h4 Qf5 24.Kg2 h5 25.Rd2 Re6 26.Qd3 Qxd3 27.Rxd3 Ne5 28.Bxe5 Bxe5 29.Nxd5 Kf8
30.Rb1 Red6 31.e4 Rc6 32.Rd2 Rc4 33.Re1 Bb8 34.b3 Rc6 35.Red1 Re8 36.f3 Rg6
37.f4 Rxe4 38.Nc3  1/2-1/2

[Event "Lippstadt"]
[Site "Lippstadt"]
[Date "1994.??.??"]
[Round "5"]
[White "Panzer, Peter"]
[Black "Wehmeier, Stefan"]
[Result "1-0"]
[WhiteElo "2420"]
[BlackElo "2290"]

1.c4 e6 2.d4 Nf6 3.Nf3 d5 4.Nc3 c6 5.e3 Nbd7 6.Bd3 dxc4 7.Bxc4 b5 8.Be2 Be7
9.O-O Bb7 10.a3 a5 11.b3 O-O 12.Bb2 b4 13.axb4 Bxb4 14.Rc1 c5 15.Na2 Ne4
16.Nxb4 cxb4 17.Nd2 Nxd2 18.Qxd2 Qg5 19.f3 Nb6 20.Rc5 Nd5 21.f4 Qd8 22.Bf3 f5
23.e4 fxe4 24.Bxe4 g6 25.Re1 Qd6 26.g3 a4 27.bxa4 Rxa4 28.Bc2 Nxf4 29.gxf4 Rxf4
30.Rg5 Ra8 31.Bb3 Raf8 32.Qe3 Re4 33.Qd2 Qc6 34.d5 Qc5+ 35.Kg2 Ref4 36.Re2 Ba6
37.Be5 Bxe2 38.Bxf4 Bc4 39.Be3 Qc8 40.Bxc4 Qxc4 41.Kg3 Qe4 42.Bf4 b3 43.Re5 Qb1
44.Re1 Qf5 45.Qe3 exd5 46.Qe6+ Qxe6 47.Rxe6 Rc8 48.Rb6 Rc3+ 49.Kg4 d4 50.Be5 Re3
51.Kf4 Kf7 52.Bxd4 Rh3 53.Bg1 h6 54.Kg4 Rc3 55.Bf2 Rc4+ 56.Kf3 Rc3+ 57.Ke4 h5
58.Bd4 Rh3 59.Be5 Rh4+ 60.Kd5 g5 61.Rxb3 Kg6 62.Rf3 g4 63.Ra3 Kf5 64.Rb3 g3
65.Rf3+ Kg5 66.Bf6+  1-0

[Event "Lisbon-ch"]
[Site "Lisbon"]
[Date "1994.??.??"]
[Round "3"]
[White "Santos, Luis"]
[Black "Nunes, Jose Julio"]
[Result "1-0"]
[WhiteElo "2380"]
[BlackElo "2000"]

1.c4 Nf6 2.Nc3 c6 3.Nf3 d5 4.d4 e6 5.e3 Bd6 6.Bd3 dxc4 7.Bxc4 b5 8.Bd3 Nbd7
9.e4 b4 10.Na4 Be7 11.Bg5 Qa5 12.O-O Ba6 13.Bxa6 Qxa6 14.e5 Nd5 15.Bxe7 Nxe7
16.Ng5 Rd8 17.Qb3 Nb6 18.Nc5 Qc4 19.Nb7 Qxb3 20.axb3 Rxd4 21.Nd6+ Rxd6 22.exd6 Nec8
23.Rfc1 h6 24.d7+ Nxd7 25.Rxc6 O-O 26.Rc7 Ndb6 27.Nf3 Nd5 28.Rb7 Nd6 29.Rbxa7 Nb5
30.Ra8 Nbc7 31.Rxf8+ Kxf8 32.Ne5 Nb6 33.Ra7 Nbd5 34.Rb7 f6 35.Nc6 Na6 36.Kf1 Kg8
37.Ne7+ Nxe7 38.Rxe7 Nc5 39.Re8+ Kf7 40.Rb8 Nxb3 41.Rxb4  1-0

[Event "Lisbon-ch"]
[Site "Lisbon"]
[Date "1994.??.??"]
[Round "6"]
[White "Santos, Carlos P"]
[Black "Santos, Marco"]
[Result "1/2-1/2"]
[WhiteElo "2310"]
[BlackElo "2000"]

1.d4 d5 2.c4 c6 3.Nf3 Nf6 4.Nc3 e6 5.e3 Nbd7 6.Qc2 Bd6 7.e4 dxe4 8.Nxe4 Nxe4
9.Qxe4 e5 10.dxe5 O-O 11.exd6 Re8 12.Qxe8+ Qxe8+ 13.Be3 Nf6 14.O-O-O Bf5
15.Be2 Ng4 16.Bd3 Nxe3 17.fxe3 Qxe3+ 18.Kc2 Qc5 19.Bxf5 Qxf5+ 20.Rd3 Rd8
21.Re1 f6 22.Kc3 Qa5+ 23.Kb3 b5 24.Re4 bxc4+ 25.Rxc4 Rb8+ 26.Kc2 Qxa2 27.Nd2 Rxb2+
28.Kd1 Rxd2+ 29.Rxd2 Qxc4 30.d7 Qf1+ 31.Kc2 Qc4+ 32.Kd1  1/2-1/2

[Event "Litomysl op"]
[Site "Litomysl"]
[Date "1994.??.??"]
[Round "?"]
[White "Hurtak, O."]
[Black "Usachyi, Mark"]
[Result "0-1"]
[WhiteElo "1990"]
[BlackElo "2315"]

1.Nf3 d5 2.d4 Nf6 3.c4 c6 4.e3 e6 5.Nc3 Nbd7 6.Qc2 Bd6 7.b3 O-O 8.Be2 Re8
9.Bb2 a6 10.O-O b5 11.e4 b4 12.Nxd5 cxd5 13.e5 dxc4 14.Bxc4 Bb7 15.exd6 Nb6
16.Rad1 Nbd5 17.a3 Qxd6 18.Bxd5 Bxd5 19.a4 Rec8 20.Qd3 Be4 21.Qe3 Bc2 22.Rc1 Nd5
23.Qe5 Qd8 24.Nd2 Rc7 25.Ne4 Bxe4 26.Qxe4 Rac8 27.Rc5 Qf6 28.Rxc7 Rxc7 29.g3 Qd8
30.Rc1 Rxc1+ 31.Bxc1 Nc3 32.Qe5 h6 33.Bf4 Qxd4 34.Qe1 Qd5 35.Qd2 Qxb3 36.Qd8+ Kh7
37.Qd3+ f5 38.g4 Qd1+ 39.Qxd1 Nxd1 40.gxf5 exf5  0-1

[Event "Litomysl op"]
[Site "Litomysl"]
[Date "1994.??.??"]
[Round "?"]
[White "Kalinin, Oleg"]
[Black "Kozlov, Oleg"]
[Result "0-1"]
[WhiteElo "2395"]
[BlackElo "2405"]

1.d4 d5 2.c4 e6 3.Nf3 Nf6 4.Nc3 c6 5.e3 Nbd7 6.Qc2 Bd6 7.b3 O-O 8.Be2 dxc4
9.Bxc4 e5 10.O-O exd4 11.exd4 h6 12.Be3 Nb6 13.h3 Nxc4 14.bxc4 Be6 15.Ne2 Qc8
16.Ng3 b5 17.Nd2 Re8 18.Rfe1 a5 19.c5 Bc7 20.Ndf1 b4 21.Qe2 Nd5 22.Nh2 Nxe3
23.Qxe3 Bd5 24.Qd2 Rb8 25.Ng4 Bxg3 26.fxg3 Qc7 27.Qf2 a4 28.Ne3 Be6 29.Reb1 b3
30.axb3 Rxb3 31.Rxb3 axb3 32.Kh2 Rb8 33.Rb1 h5 34.h4 g6 35.Qd2 Qd7 36.Rb2 Rd8
37.d5 Bxd5 38.Nxd5 Qxd5 39.Qxd5 Rxd5 40.Rxb3 Rxc5 41.Rb7 Rc1 42.Rc7 Kg7 43.Rc8 Kf6
44.Rc7 Ke6 45.Rb7 c5 46.Rc7 Rc2 47.Rc6+ Kd7 48.Rf6 Ke7 49.Rc6 c4 50.Kg1 c3
51.Kf1 Kd7 52.Rf6 Rd2  0-1

[Event "Ljubljana op"]
[Site "Ljubljana"]
[Date "1994.??.??"]
[Round "?"]
[White "Prudnikova, Svetlana"]
[Black "Palac, Mladen"]
[Result "0-1"]
[WhiteElo "2390"]
[BlackElo "2505"]

1.d4 d5 2.c4 c6 3.Nc3 Nf6 4.e3 e6 5.Nf3 Nbd7 6.Bd3 dxc4 7.Bxc4 b5 8.Bd3 a6
9.e4 c5 10.d5 Bb7 11.O-O Qc7 12.dxe6 fxe6 13.Bc2 c4 14.Ng5 Nc5 15.e5 Qxe5
16.Re1 Qd6 17.Qxd6 Bxd6 18.Be3 O-O 19.Rad1 Be7 20.Bxc5 Bxc5 21.Nxe6 Rfc8
22.h3 Rab8 23.g4 Bf3 24.Rd2 b4 25.Na4 Ba7 26.Ng5 Bc6 27.Re7 Rb7 28.Rde2 Rcc7
29.Rxc7 Rxc7 30.Ne6 Re7 31.g5 Nd5 32.Kf1 Bb5 33.Nf4 b3  0-1

[Event "Ljubljana op"]
[Site "Ljubljana"]
[Date "1994.??.??"]
[Round "?"]
[White "Brglez, Rado"]
[Black "Sirnik, Bostjan"]
[Result "1-0"]
[WhiteElo "2285"]
[BlackElo "2030"]

1.d4 d5 2.c4 c6 3.Nc3 Nf6 4.e3 e6 5.Nf3 Nbd7 6.Qc2 Bd6 7.Be2 O-O 8.O-O Qe7
9.Rd1 dxc4 10.Bxc4 e5 11.h3 Nb6 12.dxe5 Bxe5 13.Nxe5 Qxe5 14.Bd3 h6 15.f4 Qe7
16.e4 Be6 17.Be3 Rad8 18.Qf2 Qc7 19.Rac1 Nfd7 20.b3 f6 21.Nb5 Qb8 22.Nd4 Bf7
23.Qg3 Kh8 24.Nf5 Rg8 25.Bc2 Nc8 26.Rd2 Be6 27.Nd4 Bf7 28.Rcd1 Qc7 29.Qg4 Nf8
30.Nb5 cxb5 31.Rxd8 Be6 32.Qe2 Bd7 33.R1xd7 Nxd7 34.Rxg8+ Kxg8 35.Qxb5 Nd6
36.Qd3 Nf7 37.b4 g5 38.g3 Nf8 39.Bb3 a6 40.Kg2 Kg7 41.Qc4 Qxc4 42.Bxc4 gxf4
43.gxf4 Nd7 44.Bd5 Nd8 45.Kf3 Kg6 46.Bc5 Nc6 47.Kg4 Nd8 48.Bd6 Nc6 49.Be6 Nb6
50.Bc5 Na4 51.Bc8 Nd8 52.Bd7 Nc3 53.Be8+ Kg7 54.Kf5 Nxa2 55.Be7 Nc6 56.Bxf6+ Kf8
57.Bxc6 bxc6 58.Bd4  1-0

[Event "Ljubljana op"]
[Site "Ljubljana"]
[Date "1994.??.??"]
[Round "?"]
[White "Bukic, Enver"]
[Black "Palac, Mladen"]
[Result "1/2-1/2"]
[WhiteElo "2445"]
[BlackElo "2505"]

1.d4 d5 2.c4 c6 3.Nc3 Nf6 4.e3 e6 5.Nf3 Nbd7 6.Qc2 Bd6 7.Be2 O-O 8.O-O dxc4
9.Bxc4 Qe7 10.h3 e5 11.a3 Bb8 12.Ba2 h6 13.Nh4 Rd8 14.Nf5 Qe8 15.Ne2 Nf8
16.dxe5 Bxe5 17.Neg3 Be6  1/2-1/2

[Event "Ljubljana op"]
[Site "Ljubljana"]
[Date "1994.??.??"]
[Round "?"]
[White "Tratar, Marko"]
[Black "Basagic, Zlatko"]
[Result "1-0"]
[WhiteElo "2380"]
[BlackElo "2420"]

1.d4 d5 2.Nf3 Nf6 3.c4 c6 4.Nc3 e6 5.e3 Nbd7 6.Qc2 Bd6 7.Be2 O-O 8.O-O dxc4
9.Bxc4 Qe7 10.h3 e5 11.Bb3 Bc7 12.Rd1 h6 13.Nh4 Rd8 14.Nf5 Qf8 15.Nb5 Bb8
16.dxe5 Nxe5 17.Rxd8 Qxd8 18.Nbd4 Bxf5 19.Nxf5 Qd7 20.Bd2 g6 21.Nd4 c5 22.Qxc5 Bd6
23.Qb5 Qe7 24.Qe2 Rd8 25.Ba5 Rc8 26.Rd1 Ned7 27.Nf3 Ne4 28.Be1 Ndc5 29.Bd5 Nf6
30.Bc4 Nfe4 31.Bd5 Nf6 32.Bc4 Nfe4 33.Bb4 Qf6 34.Bd5 Na4 35.Bxd6 Nxd6 36.Nd4 Rc5
37.Bb3 b5 38.Bxa4 bxa4 39.Qf3 Qxf3 40.Nxf3 a3 41.bxa3 Nb5 42.Rd2 Nxa3 43.Nd4 a5
44.Rb2 Nc4 45.Rc2 a4 46.Kf1 Kf8 47.Ke2 Ke7 48.Nf3 Kd6 49.Nd2 Nxd2 50.Rxc5 Kxc5
51.Kxd2 Kc4 52.Kc2 f5 53.h4 g5 54.hxg5 hxg5 55.f3 f4 56.e4 a3 57.Kd2 Kd4
58.Kd1 Kc5 59.Kc1 Kc4 60.Kc2 Kd4 61.Kb3  1-0

[Event "London4"]
[Site "London"]
[Date "1994.??.??"]
[Round "?"]
[White "Maduekwe, Chiedu"]
[Black "Whiteley, Andrew J"]
[Result "1-0"]
[WhiteElo "2235"]
[BlackElo "2305"]

1.d4 d5 2.c4 c6 3.Nc3 Nf6 4.Nf3 e6 5.e3 Nbd7 6.Bd3 dxc4 7.Bxc4 b5 8.Bd3 a6
9.e4 c5 10.d5 e5 11.O-O c4 12.Bc2 Bd6 13.Qe2 O-O 14.Nh4 Nxd5 15.Nf5 Nxc3
16.bxc3 Nf6 17.Nxd6 Qxd6 18.a4 Bg4 19.Qe3 Rfd8 20.f4 exf4 21.Rxf4 Qe5 22.Bd2 b4
23.Raf1 b3 24.Bb1 Rd6 25.h3 Bd7 26.Bc1 Rc6 27.Qf2 Re8 28.Be3 Qxc3 29.Bd4 Qa5
30.Qg3 Nh5 31.Rxf7 Rf6 32.Rxg7+ Nxg7 33.Bxf6 Qc5+ 34.Kh1 Qf8 35.e5 Qf7 36.Qh4 Qh5
37.Qxc4+ Be6 38.Qxa6 Bxh3 39.Kg1 Be6 40.Qb7 Qg4 41.Rf4 Qd1+ 42.Kh2 Qd7 43.Qf3 Rb8
44.Qg3 b2 45.Rh4 Rb3 46.Qg5  1-0

[Event "Lloyds Bank op"]
[Site "London"]
[Date "1994.??.??"]
[Round "1"]
[White "Buckley, Graeme"]
[Black "Wells, Peter K"]
[Result "0-1"]
[WhiteElo "2295"]
[BlackElo "2490"]

1.d4 d5 2.c4 e6 3.Nc3 c6 4.e3 Nf6 5.Nf3 Nbd7 6.Be2 Bd6 7.O-O O-O 8.b3 b6
9.Bb2 Bb7 10.Bd3 c5 11.Qe2 Re8 12.Rfd1 a6 13.dxc5 Nxc5 14.cxd5 exd5 15.Bc2 b5
16.a3 Rc8 17.Nd4 Ne6 18.Nxe6 fxe6 19.Rac1 Qe7 20.b4 Be5 21.Bb3 Nd7 22.Nb1 Qf6
23.Rxc8 Rxc8 24.Bd4 Kh8 25.h3 Rf8 26.Nc3 Qh4 27.Bc2 Bb8 28.Nb1 e5 29.Bb2 Nb6
30.Nd2 Nc4 31.Nxc4 bxc4 32.Rf1 Qg5 33.e4 Ba7 34.exd5 Bxd5 35.Be4 Be6 36.Kh2 Bd4
37.Bc1 Qh4 38.Bf3 h6 39.Be3 Qf6 40.Be4 c3 41.Bd3 Bd5 42.Rc1 Bb7 43.Qg4 Qb6
44.Re1 Bxe3 45.fxe3 Qd6 46.Bf5 e4+ 47.Kh1 c2 48.Rc1 Qd2 49.Rxc2 Qxc2 50.Qg6 Qd1+
51.Kh2 Rxf5 52.Qxf5 Qd6+ 53.Kg1 Kg8 54.Qh5 Bc6 55.Qf5 Qd1+ 56.Kh2 Qd6+ 57.Kg1 Bd5
58.Qc8+ Kf7 59.Qf5+ Ke7 60.Qc8 Qc6 61.Qf5 Qe6 62.Qf4 Qd6 63.Qg4 Kf6 64.Qh4+ Kf7
65.Qh5+ Ke7 66.Qg4 Qf6 67.Qc8 Qb6 68.Qc3 Kf7 69.Kh2 Qd6+ 70.Kg1 Be6 71.Kh1 h5
72.Qc2 Bf5 73.Qc4+ Kg6 74.Qc3 Kh7 75.Qc4 Qd3 76.Qc5 Bg6 77.Qc1 Qe2 78.Kh2 h4
79.a4 Qa2 80.a5 Qf2 81.Qc5 Kh6 82.Qb6 Qf6 83.Qc5 Be8 84.Kg1 Bb5 85.Qd5 Bd3
86.Kh2 Qg5 87.Qc6+ Kh7 88.Qc1 Qg3+ 89.Kg1 Be2 90.Kh1 Bf3 91.gxf3  0-1

[Event "PCA/Intel-GP"]
[Site "London"]
[Date "1994.??.??"]
[Round "2"]
[White "Vyzmanavin, Alexey"]
[Black "Kramnik, Vladimir"]
[Result "1/2-1/2"]
[WhiteElo "2610"]
[BlackElo "2725"]

1.d4 d5 2.c4 c6 3.e3 Nf6 4.Nc3 e6 5.Nf3 Nbd7 6.Qc2 b6 7.Bd3 Ba6 8.b3 Bb4
9.O-O Rc8 10.Bb2 O-O 11.Rfd1 c5 12.cxd5 Bxd3 13.Qxd3 Bxc3 14.Bxc3 Nxd5 15.Bb2 Qe7
16.Rac1 Rfd8 17.h3 Nb4 18.Qb1 a5 19.a3 Nd5 20.Qd3 N5f6 21.Qb5 Ne4 22.dxc5 Rxc5
23.Rxc5 Ndxc5 24.Rd4 Rxd4 25.Bxd4 Qd8 26.b4 axb4 27.axb4 Nd7 28.Qc6 Nef6
29.b5 h6 30.Ne5 Nxe5 31.Bxe5 Nd5 32.e4 Nb4 33.Qd6 Qxd6 34.Bxd6 Nc2 35.Bc7 Nd4
36.Bxb6  1/2-1/2

[Event "Lloyds Bank op"]
[Site "London"]
[Date "1994.??.??"]
[Round "3"]
[White "McCarthy, Jim"]
[Black "Jakubovics, Nicholas"]
[Result "0-1"]
[WhiteElo "2310"]
[BlackElo "2255"]

1.Nf3 d5 2.c4 e6 3.d4 c6 4.e3 Nf6 5.Nc3 Nbd7 6.Qc2 Bd6 7.g4 Nxg4 8.Rg1 h5
9.h3 Nh6 10.Rxg7 Qf6 11.Rh7 Rxh7 12.Qxh7 Nf8 13.Qc2 Qxf3 14.e4 Bf4 15.cxd5 exd5
16.Bxf4 Qxf4 17.Bg2 Ng6 18.exd5 Qf5 19.Qa4 Kf8 20.Qb4+ Kg7 21.Rd1 Nh4  0-1

[Event "Lloyds Bank op"]
[Site "London"]
[Date "1994.??.??"]
[Round "4"]
[White "Summerscale, Aaron"]
[Black "Maduekwe, Chiedu"]
[Result "1-0"]
[WhiteElo "2440"]
[BlackElo "2235"]

1.d4 d5 2.c4 c6 3.Nc3 Nf6 4.e3 e6 5.Nf3 Nbd7 6.Qc2 Bd6 7.Be2 O-O 8.O-O Qe7
9.Re1 Bc7 10.e4 Nxe4 11.Nxe4 dxe4 12.Qxe4 f5 13.Qc2 e5 14.Bg5 Qe8 15.dxe5 Nxe5
16.Bf4 Nxf3+ 17.Bxf3 Qf7 18.Bxc7 Qxc7 19.Rad1 Qf7 20.Rd6 Bd7 21.Qd2 Rae8
22.Rd1 Bc8 23.b3 Qe7 24.h3 Rf6 25.c5 Re6 26.Qd4 Re1+ 27.Rxe1 Qxe1+ 28.Kh2 Qe7
29.b4 Rf8 30.a4 a6 31.g3 Kh8 32.Kg2 Re8 33.h4 Kg8 34.h5 h6 35.Qc4+ Kh7 36.b5 axb5
37.axb5 cxb5 38.Qxb5 Rf8 39.Qd3 Kg8 40.Qd4 Kh7 41.Qb4 f4 42.c6 Rf7 43.Qe4+ Bf5
44.Qxe7 Rxe7 45.cxb7  1-0

[Event "Paris-London"]
[Site "London"]
[Date "1994.??.??"]
[Round "5"]
[White "Agnos, Demetrios"]
[Black "Boudre, Jean Pierre"]
[Result "1/2-1/2"]
[WhiteElo "2425"]
[BlackElo "2400"]

1.d4 d5 2.c4 c6 3.Nf3 Nf6 4.Nc3 e6 5.e3 Nbd7 6.Bd3 dxc4 7.Bxc4 b5 8.Bd3 a6
9.e4 c5 10.d5 c4 11.dxe6  1/2-1/2